Maintenance engineering and management / (Record no. 56)
[ view plain ]
| 000 -LEADER | |
|---|---|
| fixed length control field | 00445 a2200157 4500 |
| 008 - FIXED-LENGTH DATA ELEMENTS--GENERAL INFORMATION | |
| fixed length control field | 191029b ||||| |||| 00| 0 eng d |
| 020 ## - INTERNATIONAL STANDARD BOOK NUMBER | |
| International Standard Book Number | 9788120331303 |
| 082 00 - DEWEY DECIMAL CLASSIFICATION NUMBER | |
| Classification number | 620.0046 |
| Item number | V461 |
| 100 ## - MAIN ENTRY--PERSONAL NAME | |
| Personal name | Venkataraman, V. |
| 245 ## - TITLE STATEMENT | |
| Title | Maintenance engineering and management / |
| 250 ## - EDITION STATEMENT | |
| Edition statement | 1st ed. |
| 260 ## - PUBLICATION, DISTRIBUTION, ETC. (IMPRINT) | |
| Place of publication, distribution, etc | Delhi: |
| Name of publisher, distributor, etc | Prentice Hall of India, |
| Date of publication, distribution, etc | 2017. |
| 300 ## - PHYSICAL DESCRIPTION | |
| Extent | 234 p. |
| 650 #0 - SUBJECT ADDED ENTRY--TOPICAL TERM | |
| Topical term or geographic name as entry element | Plant maintenance--Management |
| 942 ## - ADDED ENTRY ELEMENTS (KOHA) | |
| Source of classification or shelving scheme | |
| Item type | Books |
| Withdrawn status | Lost status | Source of classification or shelving scheme | Damaged status | Not for loan | Permanent location | Current location | Date acquired | Source of acquisition | Cost, normal purchase price | Full call number | Barcode | Date last seen | Cost, replacement price | Koha item type |
|---|---|---|---|---|---|---|---|---|---|---|---|---|---|---|
| IMU Kolkata | IMU Kolkata | 2019-09-05 | Katha-O-Kahini | 203.52 | 620.0046 V461 | 13632 | 2019-09-05 | 295.00 | Books | |||||
| IMU Kolkata | IMU Kolkata | 2019-09-05 | Katha-O-Kahini | 203.52 | 620.0046 V461 | 13628 | 2019-09-05 | 295.00 | Books | |||||
| IMU Kolkata | IMU Kolkata | 2019-09-05 | Katha-O-Kahini | 203.52 | 620.0046 V461 | 13629 | 2019-09-05 | 295.00 | Books | |||||
| IMU Kolkata | IMU Kolkata | 2019-09-05 | Katha-O-Kahini | 203.52 | 620.0046 V461 | 13630 | 2019-09-05 | 295.00 | Books | |||||
| IMU Kolkata | IMU Kolkata | 2019-09-05 | Katha-O-Kahini | 203.52 | 620.0046 V461 | 13631 | 2019-09-05 | 295.00 | Books | |||||
| IMU Kolkata | IMU Kolkata | 2019-09-05 | Katha-O-Kahini | 203.52 | 620.0046 V461 | 13633 | 2019-09-05 | 295.00 | Books | |||||
| IMU Kolkata | IMU Kolkata | 2019-09-05 | Katha-O-Kahini | 203.52 | 620.0046 V461 | 13634 | 2019-09-05 | 295.00 | Books | |||||
| IMU Kolkata | IMU Kolkata | 2019-09-05 | Katha-O-Kahini | 203.52 | 620.0046 V461 | 13635 | 2019-09-05 | 295.00 | Books |